000 01066nam0a2200301 4500
001 RU\NLR\BIBL_A\011397678
005 20240922035210.0
010 _a9785446508181
_91000
021 _aRU
_b2017-33481
_92463
035 _a(RuMoRGB)008879157
035 _a(NLR Aleph) 011397678
090 _a11489175
_c11489175
100 _a20170601d2016 u y0rusy50 ca
101 0 _arus
102 _aRU
105 _aa|||z|||000zy
200 1 _aДневник молодежного пастора
_fАлексей Романов
210 _aМосква
_cЗолотые страницы
_d2016
215 _a405, [1] с.
_cил.
_d21
606 1 _aЕвангелизация
_yРоссия
_92467557
_3RU\NLR\AUTH\661465790
686 _aЭ376.260.9(2Р)-36,13
_2rubbk
686 2 _aЭ376-39(2)
700 1 _7ca
_8rus
_aРоманов
_bА. В.
_cпастор
_f1979-
_gАлексей Викторович
_9174983
_3RU\NLR\AUTH\770175034
942 _cBOOK
980 _aNBR